000 00867nam a2200277 i 4500
001 bg
100 1 _aKowalski, Zbigniew
_c(elektrotechnika).
245 1 0 _aJakość energii elektrycznej /
_cZbigniew Kowalski.
260 _aŁódź :
_bWydawnictwo Politechniki Łódzkiej,
_c2007.
300 _a850 s. :
_bil. ;
_c24 cm.
490 1 _aMonografie Politechniki Łódzkiej
504 _aBibliogr. s. 833-849.
546 _aStreszcz. ang.
650 9 _aEnergia elektryczna
_xjakość
830 0 _aMonografie - Politechnika Łódzka
015 _aPB 10992/2008
020 _a9788372832320
040 _cBPK
041 0 _apol
_beng
044 _aPOL
080 _a621.3
920 _a978-83-7283-232-0
942 _cKS
008 080424s2007 pl a f f |000 0 pol
999 _c55451
_d55451
856 _uhttp://koha.tu.koszalin.pl/cgi-bin/koha/opac-detail.pl?biblionumber=55451
_yKatalog online BPK